[Event "CAN-ch U20 U1800"]
[Site "Toronto CAN"]
[Date "2019.08.10"]
[Round "5.28"]
[White "Dey, Jan Marten"]
[Black "Ruchinskaya, Valerie"]
[Result "0-1"]
[WhiteElo "1381"]
[BlackElo "1460"]
[PlyCount "74"]
[EventDate "2019.08.08"]
[EventType "swiss"]
[EventRounds "8"]
[EventCountry "CAN"]

1. e4 e6 2. Nf3 d5 3. exd5 exd5 4. d4 Bd6 5. Bd3 Ne7 6. Bg5 h6 7. Bh4 c6 8. c3
Qb6 9. Qb3 Be6 10. Qxb6 axb6 11. Nbd2 Nd7 12. O-O O-O 13. Ne5 Nf5 14. Nxd7 Bxd7
15. Nf3 Nxh4 16. Nxh4 Rfe8 17. a3 g6 18. Rfe1 Kg7 19. Nf3 Re6 20. Rxe6 Bxe6 21.
Re1 Re8 22. Nd2 Kf6 23. c4 Bf4 24. Nb1 Rd8 25. c5 bxc5 26. dxc5 Be5 27. Re2 Bd4
28. Rc2 Re8 29. Nd2 Bf5 30. Bxf5 Re1+ 31. Nf1 Kxf5 32. g3 Ke4 33. Kg2 Kd3 34.
Rd2+ Kc4 35. b4 Bc3 36. Ne3+ Rxe3 37. fxe3 Bxd2 0-1

[Event "CAN-ch U20 U1800"]
[Site "Toronto CAN"]
[Date "2019.08.10"]
[Round "5.29"]
[White "Khan, Riley"]
[Black "Zuo, Roger"]
[Result "1-0"]
[WhiteElo "1445"]
[BlackElo "1235"]
[PlyCount "85"]
[EventDate "2019.08.08"]
[EventType "swiss"]
[EventRounds "8"]
[EventCountry "CAN"]

1. a3 e5 2. e3 Nc6 3. Nc3 Nf6 4. Bb5 Bc5 5. Nge2 a6 6. Bc4 b5 7. Ba2 Bb7 8. d4
exd4 9. exd4 Bb6 10. O-O O-O 11. Bg5 h6 12. Bh4 Nb8 13. Qd2 d6 14. Bxf6 Qxf6
15. Nd5 Qg6 16. Ne7+ Kh8 17. Nxg6+ fxg6 18. Nf4 Kh7 19. Nd5 Nd7 20. Nxb6 Nxb6
21. Rfe1 Nd5 22. Bxd5 Bxd5 23. Re7 Ra7 24. Rae1 Bc6 25. c3 Rb7 26. d5 Rb6 27.
dxc6 Rxc6 28. Qd4 Rg8 29. Rd7 Rc4 30. Qa7 Rc5 31. h3 Re5 32. Rxe5 dxe5 33. Qxc7
Kh8 34. Qxe5 Kh7 35. Re7 h5 36. Re8 Rxe8 37. Qxe8 Kh6 38. a4 bxa4 39. Qxa4 Kh7
40. Qxa6 Kh6 41. Qd6 Kh7 42. c4 Kh6 43. c5 1-0

[Event "CAN-ch U20 U1800"]
[Site "Toronto CAN"]
[Date "2019.08.10"]
[Round "5.30"]
[White "Sokol, Anna"]
[Black "Prasanna, Shreyas"]
[Result "1-0"]
[WhiteElo "1588"]
[BlackElo "1412"]
[PlyCount "87"]
[EventDate "2019.08.08"]
[EventType "swiss"]
[EventRounds "8"]
[EventCountry "CAN"]

1. e4 e6 2. d4 d5 3. Nd2 c5 4. dxc5 Bxc5 5. Nb3 Bb6 6. exd5 Qxd5 7. Qxd5 exd5
8. Nf3 Nf6 9. Bd3 O-O 10. O-O Nc6 11. a3 Re8 12. h3 h6 13. Bf4 Ne4 14. Rad1 Be6
15. Bb5 Nxf2 16. Rxf2 Bxf2+ 17. Kxf2 Rad8 18. Ne5 Rc8 19. Nxc6 bxc6 20. Ba6
Rcd8 21. Bb7 Re7 22. Bxc6 Rc8 23. Bd6 Rxc6 24. Bxe7 Rxc2+ 25. Rd2 Rc7 26. Bb4
g6 27. Ba5 Rb7 28. Nc5 Rb5 29. Nxe6 fxe6 30. Bc3 Kf7 31. Rd4 e5 32. Rb4 Rxb4
33. Bxb4 Ke6 34. Bc5 a6 35. b4 d4 36. a4 Kd5 37. Bf8 Kc4 38. Bxh6 e4 39. Bg7 d3
40. Ke3 Kxb4 41. h4 Kxa4 42. g4 Kb3 43. Kd2 e3+ 44. Kxd3 1-0

[Event "CAN-ch U20 U1800"]
[Site "Toronto CAN"]
[Date "2019.08.10"]
[Round "5.31"]
[White "Jeyakumar, Yathushan"]
[Black "Zhuang, Winnie"]
[Result "1/2-1/2"]
[WhiteElo "1442"]
[BlackElo "1537"]
[PlyCount "117"]
[EventDate "2019.08.08"]
[EventType "swiss"]
[EventRounds "8"]
[EventCountry "CAN"]

1. e4 e6 2. d4 d5 3. Nd2 c5 4. c3 cxd4 5. cxd4 dxe4 6. Nxe4 Bb4+ 7. Nc3 Nc6 8.
Nf3 Nge7 9. a3 Ba5 10. b4 Bb6 11. Bb5 O-O 12. Be3 Qc7 13. Rc1 Qb8 14. O-O a6
15. Bc4 Nf5 16. Qd2 Rd8 17. Rfd1 Qc7 18. Ne2 Bd7 19. Bf4 Qc8 20. Qb2 Be8 21.
Bg5 f6 22. Qa2 Bf7 23. Be3 Nd6 24. Bb3 Ba7 25. Bf4 Nf5 26. Qb2 Nfe7 27. Be3 Nd5
28. Nf4 Nxf4 29. Bxf4 Qd7 30. Be3 Qe7 31. Qe2 Rd7 32. Rd2 Rad8 33. Rcd1 Kh8 34.
h3 Kg8 35. Kh1 Rd6 36. Kg1 R6d7 37. Kh1 Kh8 38. Kg1 Rd6 39. Kh1 Bg6 40. Kg1 Bf7
41. Kh1 R6d7 42. Kg1 Rd6 43. Kh1 R6d7 44. Kg1 Kg8 45. Kh1 Kh8 46. Kg1 Kg8 47.
Kh1 Bb8 48. Kg1 Ba7 49. Kh1 Kh8 50. Kg1 Qe8 51. Kh1 Kg8 52. Kg1 Qe7 53. Kh1 Kh8
54. Kg1 Rd6 55. Kh1 R6d7 56. Kg1 Kg8 57. Kh1 Kh8 58. Kg1 Kg8 59. Kh1 1/2-1/2

[Event "CAN-ch U20 U1800"]
[Site "Toronto CAN"]
[Date "2019.08.10"]
[Round "5.32"]
[White "Lin, Joey"]
[Black "Zhang, Joyce"]
[Result "0-1"]
[WhiteElo "1450"]
[BlackElo "1339"]
[PlyCount "78"]
[EventDate "2019.08.08"]
[EventType "swiss"]
[EventRounds "8"]
[EventCountry "CAN"]

1. e4 c5 2. Nf3 d6 3. d3 Nf6 4. g3 Nc6 5. Bg2 g6 6. O-O Bg7 7. Re1 O-O 8. Nbd2
Re8 9. Nf1 Be6 10. h4 h6 11. Bd2 Qc7 12. N1h2 b5 13. Qc1 Kh7 14. c3 Ng4 15. d4
Bd7 16. dxc5 dxc5 17. Qc2 c4 18. Nxg4 Bxg4 19. Be3 Red8 20. Nh2 Be6 21. Bf4 Be5
22. Bxe5 Nxe5 23. Nf3 Nd3 24. Re3 Bd7 25. Nd4 e5 26. Nf3 Bc6 27. Ne1 Nc5 28.
Qe2 Qd6 29. Qf3 f5 30. Qe2 Bxe4 31. Bxe4 Nxe4 32. f3 Nxg3 33. Qh2 f4 34. Re2
Nxe2+ 35. Qxe2 Rd7 36. Nc2 Re8 37. Na3 a6 38. Qe4 Qd5 39. Qe2 Qd2 0-1

[Event "CAN-ch U20 U1800"]
[Site "Toronto CAN"]
[Date "2019.08.10"]
[Round "5.33"]
[White "Lin, Ethan"]
[Black "Zhong, April Yunwei"]
[Result "1-0"]
[WhiteElo "1448"]
[BlackElo "1376"]
[PlyCount "161"]
[EventDate "2019.08.08"]
[EventType "swiss"]
[EventRounds "8"]
[EventCountry "CAN"]

1. e4 c5 2. Nf3 d6 3. d4 cxd4 4. Nxd4 Nf6 5. Nc3 a6 6. Be3 e6 7. Be2 Be7 8. Qd2
b5 9. a3 Nbd7 10. f4 Nc5 11. Bf3 Bb7 12. e5 dxe5 13. fxe5 Nd5 14. Nxd5 Bxd5 15.
O-O Rc8 16. Qf2 Bxf3 17. Qxf3 O-O 18. Qg4 Re8 19. b4 Nd7 20. Qh5 g6 21. Qf3
Nxe5 22. Qb7 Qd6 23. Rad1 Rc7 24. Qe4 Rc4 25. Rd2 Qc7 26. Bf4 Bd6 27. Qe3 Ng4
28. Qg3 Bxf4 29. Rxf4 Nh6 30. Rh4 Qxg3 31. hxg3 Kg7 32. Re4 Kf8 33. Rh4 Kg7 34.
a4 e5 35. Re2 Rd8 36. Nf3 Rxh4 37. gxh4 f6 38. axb5 axb5 39. Rd2 Rxd2 40. Nxd2
Kf7 41. c4 bxc4 42. Nxc4 Nf5 43. b5 Nd4 44. b6 Nc6 45. Kf2 Ke7 46. Ke3 f5 47.
Kf3 Ke6 48. g4 Kd5 49. gxf5 gxf5 50. Ne3+ Ke6 51. Nc4 Kd7 52. Ke3 Ke6 53. Kf3
Ke7 54. b7 Nb8 55. Nxe5 Kd6 56. Kf4 Kc7 57. Kxf5 Kxb7 58. Kg5 Na6 59. Kh6 Nc7
60. Kxh7 Ne8 61. Kg6 Nc7 62. h5 Ne6 63. h6 Nf8+ 64. Kf7 Nh7 65. Nf3 Kc7 66. Kg7
Nf6 67. Kxf6 Kc6 68. h7 Kd5 69. h8=Q Ke4 70. Qh4+ Kxf3 71. Ke5 Ke3 72. Qd4+ Kf3
73. Kf5 Kg3 74. Qe4 Kf2 75. Qd3 Kg2 76. Qe3 Kh2 77. Qf3 Kg1 78. Qe2 Kh1 79. Kg4
Kg1 80. Kg3 Kh1 81. Qe1# 1-0

[Event "CAN-ch U20 U1800"]
[Site "Toronto CAN"]
[Date "2019.08.10"]
[Round "5.34"]
[White "Yao, Henry"]
[Black "Wu, Ingrid"]
[Result "1-0"]
[WhiteElo "1475"]
[BlackElo "1313"]
[PlyCount "115"]
[EventDate "2019.08.08"]
[EventType "swiss"]
[EventRounds "8"]
[EventCountry "CAN"]

1. e4 c5 2. Nf3 d6 3. Bb5+ Bd7 4. Bxd7+ Qxd7 5. O-O Nf6 6. Re1 Nc6 7. d4 cxd4
8. Nxd4 e6 9. Nc3 a6 10. Be3 Be7 11. Qe2 b5 12. a3 Ne5 13. f4 Nc4 14. b3 Nxe3
15. Qxe3 Rc8 16. Kh1 Qc7 17. Nde2 Nd7 18. Rac1 Bf6 19. Nd1 h6 20. c4 bxc4 21.
Rxc4 Qb7 22. Rxc8+ Qxc8 23. Nf2 Qb7 24. Rd1 Be7 25. b4 Nb6 26. Rc1 d5 27. exd5
Nxd5 28. Qf3 O-O 29. Ng4 Bd6 30. Ne3 Re8 31. Rd1 Qa8 32. Nxd5 exd5 33. Nc3 a5
34. Nxd5 axb4 35. axb4 Qb8 36. Qg4 Kh8 37. f5 Bxh2 38. f6 g6 39. Rf1 Bd6 40.
Qh4 Kh7 41. Qc4 Rc8 42. Qb3 Re8 43. Ne7 Rf8 44. Nd5 Qb5 45. Re1 Qb8 46. Rf1 Qd8
47. Qf3 Qd7 48. Re1 Qd8 49. Qe4 Qc8 50. Kg1 Qb8 51. Kh1 Rc8 52. Kg1 Bh2+ 53.
Kh1 Bg3 54. Rf1 Re8 55. Qc4 Re5 56. Nf4 Bxf4 57. Qxf7+ Kh8 58. Qg7# 1-0

[Event "CAN-ch U20 U1800"]
[Site "Toronto CAN"]
[Date "2019.08.10"]
[Round "5.35"]
[White "Singh, Anya"]
[Black "Yang, Lefan"]
[Result "0-1"]
[WhiteElo "1243"]
[BlackElo "1394"]
[PlyCount "96"]
[EventDate "2019.08.08"]
[EventType "swiss"]
[EventRounds "8"]
[EventCountry "CAN"]

1. e4 c5 2. Nf3 d6 3. Bb5+ Bd7 4. Bxd7+ Nxd7 5. d4 cxd4 6. Nxd4 Ngf6 7. Nc3 Nc5
8. Qe2 a6 9. O-O g6 10. Be3 Ncxe4 11. Nxe4 Nxe4 12. Qc4 d5 13. Qa4+ Qd7 14.
Qxd7+ Kxd7 15. Rad1 Bg7 16. Rfe1 Nf6 17. Nb3 e6 18. Bd4 Rhc8 19. Nc5+ Kc6 20.
Rd3 Ne8 21. Bxg7 Nxg7 22. Na4 b5 23. Nc3 h5 24. Rf3 Nf5 25. h3 Rf8 26. Ne2 e5
27. g4 hxg4 28. hxg4 Nh6 29. Rc3+ Kd6 30. f3 Rfc8 31. Rxc8 Rxc8 32. c3 f5 33.
gxf5 gxf5 34. Nc1 e4 35. Kf2 b4 36. Rg1 bxc3 37. Rg6+ Ke5 38. Ne2 exf3 39. Nxc3
Ng4+ 40. Kxf3 d4 41. Ne2 Rc2 42. Rxa6 Nh2+ 43. Kf2 d3 44. Ra5+ Kf6 45. Ra6+ Kg5
46. Ke1 Rxe2+ 47. Kd1 Nf3 48. Rd6 Re1# 0-1

[Event "CAN-ch U20 U1800"]
[Site "Toronto CAN"]
[Date "2019.08.10"]
[Round "5.36"]
[White "Zhou, Johnson"]
[Black "Kaleem, Shayaan"]
[Result "1-0"]
[WhiteElo "1358"]
[BlackElo "1387"]
[PlyCount "109"]
[EventDate "2019.08.08"]
[EventType "swiss"]
[EventRounds "8"]
[EventCountry "CAN"]

1. e4 c5 2. c3 g6 3. d4 cxd4 4. cxd4 Nf6 5. Nc3 d6 6. Bc4 Bg7 7. f4 e6 8. Nf3
O-O 9. O-O Nc6 10. a3 a6 11. b4 b5 12. Bb3 Re8 13. Bb2 Qb6 14. Kh1 Ng4 15. Qe2
Nh6 16. e5 dxe5 17. dxe5 Bb7 18. Ne4 Re7 19. Nd6 Rd8 20. Rad1 Ba8 21. Ng5 Bb7
22. Nge4 Nf5 23. Nc5 Ba8 24. Rd2 Bh6 25. Ba2 Nxd6 26. Rxd6 Bb7 27. Nxb7 Rxb7
28. Bd4 Qc7 29. Bc5 a5 30. Bb1 axb4 31. axb4 Rxd6 32. Bxd6 Qb6 33. Be4 Ra7 34.
Bc5 Nd4 35. Bxb6 Nxe2 36. Bxa7 Nxf4 37. Bc6 Nd3 38. Bc5 Nxe5 39. Bxb5 f5 40.
Re1 Ng4 41. Rxe6 Kf7 42. Re7+ Kf6 43. Rxh7 Bd2 44. Rd7 Bc1 45. Bc6 Ba3 46. Rd5
f4 47. b5 Bc1 48. b6 Ne5 49. Rxe5 Kxe5 50. b7 f3 51. Bxf3 Bf4 52. b8=Q+ Kf5 53.
Qf8+ Kg5 54. h4+ Kxh4 55. Qxf4# 1-0

[Event "CAN-ch U20 U1800"]
[Site "Toronto CAN"]
[Date "2019.08.10"]
[Round "6.19"]
[White "Selva, Karthik B"]
[Black "Petrovic, Milos"]
[Result "1-0"]
[WhiteElo "1768"]
[BlackElo "1610"]
[PlyCount "59"]
[EventDate "2019.08.08"]
[EventType "swiss"]
[EventRounds "8"]
[EventCountry "CAN"]

1. d4 Nf6 2. Bf4 d5 3. Nf3 c5 4. e3 e6 5. c3 Nc6 6. Bd3 Nh5 7. Bg3 Nxg3 8. hxg3
h6 9. Nbd2 Be7 10. dxc5 Bxc5 11. Nb3 Bd6 12. Qe2 O-O 13. Bc2 f5 14. Rd1 Qf6 15.
Bb1 Bd7 16. O-O a6 17. c4 Ne7 18. cxd5 Bb5 19. Bd3 Bxd3 20. Rxd3 Nxd5 21. e4
fxe4 22. Qxe4 Rad8 23. Re1 Rfe8 24. Nbd4 Nb4 25. Rdd1 Bc5 26. Qxb7 Bxd4 27.
Qxb4 Bxb2 28. Rxd8 Rxd8 29. Qb6 e5 30. Qxb2 1-0

[Event "CAN-ch U20 U1800"]
[Site "Toronto CAN"]
[Date "2019.08.10"]
[Round "6.20"]
[White "Stoica, Savas Marin"]
[Black "Wang, Rachel"]
[Result "1-0"]
[WhiteElo "1605"]
[BlackElo "1646"]
[PlyCount "89"]
[EventDate "2019.08.08"]
[EventType "swiss"]
[EventRounds "8"]
[EventCountry "CAN"]

1. e4 c5 2. Nf3 Nc6 3. d4 cxd4 4. Nxd4 Nf6 5. Nc3 e5 6. Ndb5 d6 7. Bg5 a6 8.
Na3 b5 9. Nd5 Be7 10. Bxf6 Bxf6 11. c3 O-O 12. Nc2 Bg5 13. h4 Be7 14. Nce3 f5
15. exf5 Bxf5 16. Nxf5 Rxf5 17. Ne3 Rf7 18. g3 Qf8 19. Qd2 Rc8 20. Bg2 Kh8 21.
O-O Rf6 22. Bh3 Rd8 23. Ng4 Rg6 24. Kh2 h5 25. Ne3 Bxh4 26. Qe2 Be7 27. Qxh5+
Rh6 28. Qe2 e4 29. Ng4 Re6 30. f4 d5 31. Ne5 Rh6 32. Ng4 Rh7 33. a4 b4 34. Kg2
bxc3 35. bxc3 a5 36. Ne5 Nxe5 37. fxe5 Qe8 38. Rh1 Bg5 39. Bf5 g6 40. Rxh7+
Kxh7 41. Qh5+ Bh6 42. Rh1 gxf5 43. Qxh6+ Kg8 44. Qh8+ Kf7 45. Qf6+ 1-0

[Event "CAN-ch U20 U1800"]
[Site "Toronto CAN"]
[Date "2019.08.10"]
[Round "6.21"]
[White "Jeyakumar, Bhavatharshan"]
[Black "Wang, Derek"]
[Result "1/2-1/2"]
[WhiteElo "1657"]
[BlackElo "1370"]
[PlyCount "89"]
[EventDate "2019.08.08"]
[EventType "swiss"]
[EventRounds "8"]
[EventCountry "CAN"]

1. e4 c5 2. Nf3 d6 3. d4 cxd4 4. Nxd4 Nf6 5. Nc3 a6 6. Bg5 e6 7. f4 b5 8. Qf3
Bb7 9. a3 Nbd7 10. Be2 Be7 11. O-O Qb6 12. Qe3 O-O 13. Kh1 Rac8 14. Bf3 e5 15.
fxe5 Nxe5 16. Nf5 Qc7 17. Be2 Ng6 18. Rad1 Rfd8 19. Nxe7+ Qxe7 20. Bxf6 gxf6
21. Qf3 Kg7 22. Qg4 Qe6 23. Rf5 Re8 24. Bd3 Rc5 25. h3 Re5 26. Rdf1 Bc8 27. Qg3
Rxf5 28. exf5 Qe5 29. Qf2 Ne7 30. Re1 Qc5 31. Qxc5 dxc5 32. Nd5 Bb7 33. Nf4 Kh6
34. h4 c4 35. Bf1 Bc6 36. Kh2 Nxf5 37. Rxe8 Bxe8 38. Nd5 Bc6 39. Nxf6 Nxh4 40.
Ng4+ Kg7 41. Ne5 Be4 42. c3 Nf5 43. Be2 Ne3 44. g3 Kf6 45. Nd7+ 1/2-1/2

[Event "CAN-ch U20 U1800"]
[Site "Toronto CAN"]
[Date "2019.08.10"]
[Round "6.22"]
[White "Wang, Eric"]
[Black "Gao, Lucy"]
[Result "1/2-1/2"]
[WhiteElo "1530"]
[BlackElo "1628"]
[PlyCount "42"]
[EventDate "2019.08.08"]
[EventType "swiss"]
[EventRounds "8"]
[EventCountry "CAN"]

1. e4 e5 2. Nf3 Nc6 3. d4 exd4 4. Nxd4 Bc5 5. Be3 Qf6 6. c3 d6 7. f3 a6 8. Be2
Nge7 9. O-O O-O 10. Nc2 Be6 11. Nd2 Rad8 12. Bc4 Ne5 13. Bxe6 fxe6 14. Qe2 N7g6
15. g3 Qg5 16. Kh1 Qh5 17. Rf2 Rf6 18. b4 Bxe3 19. Nxe3 Rdf8 20. Raf1 Ne7 21.
Ng2 N7g6 1/2-1/2

[Event "CAN-ch U20 U1800"]
[Site "Toronto CAN"]
[Date "2019.08.10"]
[Round "6.23"]
[White "Zhang, Henry X"]
[Black "Yang, Brett"]
[Result "1/2-1/2"]
[WhiteElo "1589"]
[BlackElo "1575"]
[PlyCount "72"]
[EventDate "2019.08.08"]
[EventType "swiss"]
[EventRounds "8"]
[EventCountry "CAN"]

1. e4 e6 2. d4 d5 3. Nc3 Nf6 4. e5 Nfd7 5. f4 c5 6. Nf3 Nc6 7. Be3 cxd4 8. Nxd4
Nxd4 9. Bxd4 a6 10. Be2 Bc5 11. O-O b5 12. Kh1 Bxd4 13. Qxd4 Qb6 14. Qd3 Bb7
15. Qg3 O-O 16. Bd3 f6 17. Qh3 g6 18. Qh6 Rf7 19. exf6 Rxf6 20. Rf3 Nc5 21. Rh3
Qc7 22. Ne2 Raf8 23. Rf1 Nxd3 24. cxd3 Qg7 25. Rc1 Qxh6 26. Rxh6 Kg7 27. Rh3
Rc8 28. Rxc8 Bxc8 29. d4 Rf5 30. Rc3 Bb7 31. Rc7+ Rf7 32. Rxf7+ Kxf7 33. b4 Kf6
34. g4 g5 35. fxg5+ Kxg5 36. h3 Kf6 1/2-1/2

[Event "CAN-ch U20 U1800"]
[Site "Toronto CAN"]
[Date "2019.08.10"]
[Round "6.24"]
[White "Srinivas, Atharva"]
[Black "Mugunthan, Vaamanan"]
[Result "1/2-1/2"]
[WhiteElo "1720"]
[BlackElo "1508"]
[PlyCount "45"]
[EventDate "2019.08.08"]
[EventType "swiss"]
[EventRounds "8"]
[EventCountry "CAN"]

1. e4 e5 2. Nf3 Nc6 3. Bb5 a6 4. Ba4 Nf6 5. O-O Be7 6. Re1 b5 7. Bb3 d6 8. c3
O-O 9. h3 Be6 10. Bc2 Ne8 11. d4 exd4 12. cxd4 Nb4 13. Bb3 d5 14. Ne5 f6 15.
Nf3 Bf7 16. a3 dxe4 17. Rxe4 Nd5 18. Re1 Rc8 19. Bd2 Nd6 20. Nc3 Nb6 21. Bxf7+
Rxf7 22. Ne4 Ndc4 23. Bc3 1/2-1/2

[Event "CAN-ch U20 U1800"]
[Site "Toronto CAN"]
[Date "2019.08.10"]
[Round "6.25"]
[White "Uthayakumar, Ronan"]
[Black "Yang, Larry"]
[Result "1-0"]
[WhiteElo "1704"]
[BlackElo "1378"]
[PlyCount "45"]
[EventDate "2019.08.08"]
[EventType "swiss"]
[EventRounds "8"]
[EventCountry "CAN"]

1. e4 e5 2. Nf3 Nc6 3. Bb5 a6 4. Ba4 Nf6 5. O-O b5 6. Bb3 Be7 7. Re1 d6 8. c3
O-O 9. h3 Be6 10. Bc2 Re8 11. Ng5 h6 12. Nxe6 fxe6 13. d3 Rf8 14. Nd2 Qe8 15.
Nf3 Nh5 16. Bb3 Nd8 17. d4 exd4 18. Nxd4 Bh4 19. Nf5 Bg5 20. Bxg5 hxg5 21. Qg4
Kh8 22. Qxg5 Rg8 23. Ne7 1-0

[Event "CAN-ch U20 U1800"]
[Site "Toronto CAN"]
[Date "2019.08.10"]
[Round "6.26"]
[White "Darvekar, Yash"]
[Black "Ruchinskaya, Valerie"]
[Result "0-1"]
[WhiteElo "1628"]
[BlackElo "1460"]
[PlyCount "88"]
[EventDate "2019.08.08"]
[EventType "swiss"]
[EventRounds "8"]
[EventCountry "CAN"]

1. e4 e6 2. d4 d5 3. e5 c5 4. c3 Nc6 5. Nf3 Qb6 6. a3 Nh6 7. b4 cxd4 8. cxd4
Nf5 9. Bb2 Bd7 10. Be2 Be7 11. O-O O-O 12. Kh1 Rac8 13. Nc3 a5 14. b5 Na7 15.
Na4 Qd8 16. Nc3 b6 17. Bd3 Nh4 18. Rg1 Ng6 19. g3 Kh8 20. h4 Rg8 21. a4 Nf8 22.
Kg2 f6 23. Rh1 Be8 24. h5 Nd7 25. exf6 Nxf6 26. Bg6 Rf8 27. Bxe8 Qxe8 28. Ng5
Bb4 29. Qd3 h6 30. Nf3 Bxc3 31. Bxc3 Ne4 32. Bb2 Rc7 33. Raf1 Rcf7 34. Nh4
Rxf2+ 35. Kh3 Qxh5 36. g4 Qg5 37. Ba3 h5 38. Rfg1 R8f4 39. Qd1 Nf6 40. Bc1
hxg4+ 41. Rxg4 Qxg4+ 42. Qxg4 Rxg4 43. Ba3 Rd2 44. Be7 Rd3+ 0-1

[Event "CAN-ch U20 U1800"]
[Site "Toronto CAN"]
[Date "2019.08.10"]
[Round "6.27"]
[White "Chen, Vincent"]
[Black "Khan, Riley"]
[Result "1-0"]
[WhiteElo "1368"]
[BlackElo "1445"]
[PlyCount "113"]
[EventDate "2019.08.08"]
[EventType "swiss"]
[EventRounds "8"]
[EventCountry "CAN"]

1. Nf3 c6 2. g3 d5 3. Bg2 Nf6 4. d3 Bg4 5. h3 Bh5 6. b3 Nbd7 7. Bb2 e6 8. Nbd2
Bd6 9. c4 Qc7 10. g4 Bg6 11. Qc2 O-O-O 12. O-O Ne5 13. c5 Nxf3+ 14. Nxf3 Be7
15. Ne5 h5 16. g5 Nd7 17. Nxg6 fxg6 18. Bxg7 Rhg8 19. Bh6 Bxc5 20. e3 h4 21. d4
Be7 22. e4 Kb8 23. Rfe1 Rde8 24. Rac1 Nb6 25. a4 Qf4 26. Kh1 Bxg5 27. Bxg5 Qxg5
28. a5 Nc8 29. a6 Nd6 30. axb7 Rg7 31. Qxc6 Qe7 32. exd5 Qc7 33. Qxe8+ Nxe8 34.
Rxc7 Nxc7 35. dxe6 Re7 36. d5 Ne8 37. Rd1 Nd6 38. Rc1 Rxb7 39. Rc6 Nf5 40. d6
Nxd6 41. Rxd6 Re7 42. Rd8+ Kc7 43. Rd7+ Rxd7 44. exd7 Kxd7 45. Be4 g5 46. Kg2
Ke6 47. Kf3 Ke5 48. b4 Kd4 49. b5 Kc5 50. Bc6 a6 51. bxa6 Kxc6 52. Kg4 Kb6 53.
Kxg5 Kxa6 54. f4 Kb7 55. f5 Kc8 56. Kg6 Kd8 57. Kg7 1-0

[Event "CAN-ch U20 U1800"]
[Site "Toronto CAN"]
[Date "2019.08.10"]
[Round "6.28"]
[White "Zhu, Ricky"]
[Black "Sokol, Anna"]
[Result "1/2-1/2"]
[WhiteElo "1481"]
[BlackElo "1588"]
[PlyCount "66"]
[EventDate "2019.08.08"]
[EventType "swiss"]
[EventRounds "8"]
[EventCountry "CAN"]

1. e4 e6 2. Qe2 g6 3. Nf3 Bg7 4. g3 d5 5. exd5 Qxd5 6. Nc3 Qd8 7. Bg2 Nf6 8.
O-O O-O 9. d3 c6 10. Rb1 a5 11. Bg5 Nbd7 12. Qd2 Re8 13. Qe2 h6 14. Be3 Nd5 15.
Nxd5 cxd5 16. Qd2 Kh7 17. c4 Nf6 18. Qc2 e5 19. Qb3 d4 20. Bd2 Nd7 21. Qc2 Qc7
22. Rbc1 Nc5 23. Ne1 f5 24. f3 Bd7 25. Kh1 Bc6 26. b3 Rad8 27. a3 b6 28. Rd1 e4
29. fxe4 fxe4 30. Bf4 Qb7 31. dxe4 Nxe4 32. Nd3 Nc3 33. Rde1 Ne4 1/2-1/2

[Event "CAN-ch U20 U1800"]
[Site "Toronto CAN"]
[Date "2019.08.10"]
[Round "6.29"]
[White "Zhang, Joyce"]
[Black "Lin, Ethan"]
[Result "1/2-1/2"]
[WhiteElo "1339"]
[BlackElo "1448"]
[PlyCount "83"]
[EventDate "2019.08.08"]
[EventType "swiss"]
[EventRounds "8"]
[EventCountry "CAN"]

1. e4 c5 2. Nf3 e6 3. d4 cxd4 4. Nxd4 a6 5. Nc3 Qc7 6. a3 d6 7. Be3 Nf6 8. Be2
Nbd7 9. O-O b5 10. Qd2 Be7 11. Nb3 Bb7 12. Bd3 O-O 13. f4 Rfd8 14. Qe2 Nc5 15.
Nd2 Nxd3 16. cxd3 Rac8 17. Rac1 Qb8 18. Nf3 d5 19. e5 Nd7 20. b4 Rc7 21. Na2
Rdc8 22. Qd2 Rxc1 23. Rxc1 Ba8 24. Rc2 Bb7 25. Qc1 Rxc2 26. Qxc2 Qc8 27. Qxc8+
Bxc8 28. Nc1 f6 29. Ne2 a5 30. Ned4 axb4 31. axb4 Bxb4 32. Nxb5 Ba6 33. Nc7
Bxd3 34. Nxe6 Be4 35. Ned4 Bc5 36. e6 Nf8 37. f5 g6 38. Nh4 gxf5 39. Nhxf5 Bxf5
40. Nxf5 Nxe6 41. Bxc5 Nxc5 42. Ne7+ 1/2-1/2

[Event "CAN-ch U20 U1800"]
[Site "Toronto CAN"]
[Date "2019.08.10"]
[Round "6.30"]
[White "Zhuang, Winnie"]
[Black "Dey, Jan Marten"]
[Result "0-1"]
[WhiteElo "1537"]
[BlackElo "1381"]
[PlyCount "158"]
[EventDate "2019.08.08"]
[EventType "swiss"]
[EventRounds "8"]
[EventCountry "CAN"]

1. e4 c6 2. d4 d5 3. exd5 cxd5 4. Nf3 Bf5 5. Bb5+ Nc6 6. O-O e6 7. c3 Bd6 8.
Bg5 Nge7 9. Nbd2 O-O 10. Re1 Qc7 11. Nb3 a6 12. Be2 h6 13. Be3 Na5 14. Nxa5
Qxa5 15. Qd2 Nc6 16. Bf4 Qc7 17. Bxd6 Qxd6 18. Bf1 b5 19. b4 Rfc8 20. a4 bxa4
21. Rxa4 Ne7 22. Rea1 Qc6 23. Rxa6 Rxa6 24. Rxa6 Qxc3 25. Qxc3 Rxc3 26. Ra2 g5
27. b5 Rb3 28. Ra1 Kg7 29. Rc1 Ng6 30. Nd2 Rb4 31. Nf3 Nf4 32. h3 Rb3 33. Nh2
Bd3 34. Bxd3 Nxd3 35. Rd1 Nf4 36. g3 Ng6 37. Ng4 Rxb5 38. Ne3 Ne7 39. Kg2 Rb4
40. Nc2 Ra4 41. Ne3 Nc6 42. Nc2 Rc4 43. Rd2 Kg6 44. g4 f5 45. gxf5+ Kxf5 46.
Kf3 Rc3+ 47. Kg2 h5 48. f3 Kf4 49. Rf2 Rd3 50. Re2 Nxd4 51. Nxd4 Rxd4 52. Rxe6
Rd2+ 53. Kg1 Kxf3 54. Rf6+ Kg3 55. Rf1 Kxh3 56. Rf3+ Kg4 57. Rf1 Kg3 58. Re1 h4
59. Kh1 d4 60. Kg1 d3 61. Re3+ Kf4 62. Re1 Re2 63. Rxe2 dxe2 64. Kf2 h3 65.
Kxe2 h2 66. Kf1 h1=B 67. Kg1 Bd5 68. Kf2 g4 69. Kg1 Ke3 70. Kh2 Kf3 71. Kh1
Kg3+ 72. Kg1 Kh3 73. Kf2 Kh2 74. Kf1 g3 75. Ke2 g2 76. Ke3 g1=Q+ 77. Kd2 Qd4+
78. Ke1 Qe3+ 79. Kd1 Bb3# 0-1

[Event "CAN-ch U20 U1800"]
[Site "Toronto CAN"]
[Date "2019.08.10"]
[Round "6.31"]
[White "Wang, Andrew"]
[Black "Zhou, Johnson"]
[Result "0-1"]
[WhiteElo "1495"]
[BlackElo "1358"]
[PlyCount "144"]
[EventDate "2019.08.08"]
[EventType "swiss"]
[EventRounds "8"]
[EventCountry "CAN"]

1. e4 e6 2. d4 d5 3. e5 c5 4. c3 Nc6 5. Nf3 Nge7 6. Bd3 Ng6 7. O-O Be7 8. Be3
b6 9. a3 a5 10. a4 Ba6 11. Bxa6 Rxa6 12. Qd3 c4 13. Qd2 O-O 14. Na3 f6 15. exf6
Bxf6 16. Nb5 Na7 17. Na3 Qd7 18. Nc2 b5 19. axb5 Nxb5 20. Na3 Nd6 21. Qc2 Ne4
22. Nd2 Nxd2 23. Qxd2 Qe8 24. Bg5 Qe7 25. Bxf6 Qxf6 26. Nc2 Nh4 27. f3 Qg6 28.
Kh1 Nf5 29. Nb4 Raa8 30. Nc6 Qe8 31. Nxa5 Qb5 32. Qe2 Rxa5 33. Qxe6+ Kh8 34.
Rxa5 Qxa5 35. Kg1 Qb5 36. Qe2 Re8 37. Qd2 h6 38. g3 Nd6 39. Ra1 Nf7 40. Kg2 Qd7
41. h4 Qe6 42. Kf2 Qh3 43. Rg1 Nd6 44. Qf4 Nf5 45. Qg4 Qxg4 46. fxg4 Ne3 47.
Kf3 Nc2 48. Rc1 Ne1+ 49. Rxe1 Rxe1 50. Kf4 Rb1 51. Kf3 Rxb2 52. Kf4 Rb3 53. Ke5
Rxc3 54. Kxd5 Rc1 55. Kc5 c3 56. Kc4 c2 57. Kd3 Rd1+ 58. Kxc2 Rxd4 59. Kc1 Rxg4
60. Kd2 Rxg3 61. Ke2 Rg4 62. h5 Rg5 63. Kf3 Rxh5 64. Kg4 g6 65. Kg3 Kg7 66. Kg4
Kf6 67. Kg3 Kf5 68. Kg2 Kf4 69. Kf1 Rh2 70. Kg1 Kg3 71. Kf1 Rf2+ 72. Kg1 Rf3
0-1

[Event "CAN-ch U20 U1800"]
[Site "Toronto CAN"]
[Date "2019.08.10"]
[Round "6.32"]
[White "Guo, Anni"]
[Black "Jeyakumar, Yathushan"]
[Result "1/2-1/2"]
[WhiteElo "1300"]
[BlackElo "1442"]
[PlyCount "89"]
[EventDate "2019.08.08"]
[EventType "swiss"]
[EventRounds "8"]
[EventCountry "CAN"]

1. e4 c5 2. Nf3 e6 3. d4 cxd4 4. Nxd4 Nf6 5. Bd3 Be7 6. Nc3 a6 7. Be3 Qc7 8. a3
b5 9. O-O O-O 10. Re1 Bb7 11. Bg5 Nc6 12. Nxc6 Qxc6 13. Qf3 h6 14. Bh4 Rfe8 15.
Rad1 Rad8 16. Qh3 Nh7 17. Bxe7 Rxe7 18. Re3 Ng5 19. Qh5 f5 20. h4 f4 21. Ree1
Nh7 22. Qe2 Rf8 23. f3 Qc5+ 24. Qf2 Qxf2+ 25. Kxf2 Nf6 26. e5 Nd5 27. Nxd5 Bxd5
28. Be4 Bxe4 29. Rxe4 Rc8 30. c3 Rf7 31. Rd6 a5 32. Ra6 a4 33. Rb6 Rc5 34. Rd6
Rf5 35. Rxd7 Rcxe5 36. Rxe5 Rxe5 37. Rd4 g5 38. h5 Rd5 39. Rxd5 exd5 40. Ke2
Kf7 41. Kd2 Ke7 42. Kc2 Kd6 43. b3 axb3+ 44. Kxb3 Kc5 45. Kb2 1/2-1/2